00622nam a2200193Ia 4500952014600000999001700146003000400163005001700167008004100184020001500225040000900240082002200249100001600271245002600287260004400313300000800357650001300365942005000378 00102ddc40708SSaMESbMEScMALd2019-02-20g30.00l8m4o894.812301 URO/Np24436r2024-03-14 13:26:03s2024-03-07w2019-02-20yBKzGR31R1 c27831d27831OSt20210108094512.0190216s9999||||xx |||||||||||||| ||und|| a8171806694 coclc a894.812301bURO/N aUroob96421 0aNeerchalukal /cUroob bPoorna Publications,aKozhikode:c1999. a88p aKathakal cBK2ddch894.812301iURO/Nk894.812301mURO/N